Racionalizácia výživy v svetle exportu a importu potravín

Bibliographic Details
Main Author: Balhar, Víťazoslav (Author)
Format: Article
Language:Slovak
PhysicalDescription:Graf 1.
Subjects:

MARC

LEADER 00000nab a2200000 a 4500
001 vtls000087393
003 SK-MaSNL
005 20260303124920.0
008 220422c1981 xo 0 slo
015 |a SNBRA19rr/mm-uuuuu 
035 |a CL0097496 
040 |a SNKBUCL  |b slo  |c SNKBUCL  |e AACR2 
041 0 |a slo 
044 |a xo  |c SK 
080 |a 613.2  |2 1981 
080 |a 339.5  |2 1981 
100 1 |a Balhar, Víťazoslav  |4 aut  |9 435176 
245 1 0 |a Racionalizácia výživy v svetle exportu a importu potravín  |c Víťazoslav Balhar 
300 |b Graf 1. 
650 0 7 |a potraviny  |2 snkbucl  |9 1614 
650 0 7 |a zahraničný obchod  |2 snkbucl  |9 2200 
650 0 7 |a výživa obyvateľstva  |2 snkbucl  |9 24061 
655 7 |a články zo zborníkov  |2 snkbucl  |9 166140 
773 0 |t Spoločné stravovanie - nástroj racionalizácie výživy  |d Banská Bystrica : Dom techniky ČSVTS, 1981  |g S. 22-32 
850 |a Slovenská národná knižnica v Martine  |a MTA001 
852 |a SNK  |b KIS3GCP 
958 |a RK 
958 |a ME 
992 |a RZB 
999 |c 1932203  |d 1934133